Comparison of Hungarian Agricultural and Nonagricultural Incomes in Current and Real Terms, 1938 and 1949-1970
Enregistré dans:
| Auteur principal: | |
|---|---|
| Autres auteurs: | |
| Format: | Livre |
| Langue: | anglais |
| Publié: |
New York
Economic Studies Riverside Research Institute
1973
|
| Édition: | 1. ed. |
| Collection: | Occasional Papers of the Research Project on National Income in East Central Europe
21 |
| Sujets: | |
| Tags: |
Pas de tags, Soyez le premier à ajouter un tag!
|
MARC
| LEADER | 00000nam a2200000 4500 | ||
|---|---|---|---|
| 001 | c013358 | ||
| 005 | 20230227131023.7 | ||
| 041 | 0 | |a eng | |
| 044 | |a US | ||
| 245 | 1 | 0 | |a Comparison of Hungarian Agricultural and Nonagricultural Incomes in Current and Real Terms, 1938 and 1949-1970 |c Laszlo Czirjak, Paul Marer |
| 250 | |a 1. ed. | ||
| 264 | 1 | |a New York |b Economic Studies Riverside Research Institute |c 1973 | |
| 300 | |a 72 s. | ||
| 490 | 1 | |a Occasional Papers of the Research Project on National Income in East Central Europe |v 21 | |
| 830 | 0 | |a Occasional Papers of the Research Project on National Income in East Central Europe |v 21 | |
| 610 | 2 | 0 | |a poľnohospodárstvo |
| 610 | 2 | 0 | |a výroba |
| 610 | 2 | 0 | |a výsledok hospodársky |
| 610 | 2 | 0 | |a príjmy reálne |
| 610 | 2 | 0 | |a príjmy obyvateľstva |
| 610 | 2 | 0 | |a zamestnanosť |
| 610 | 2 | 0 | |a porovnanie štatistické |
| 610 | 2 | 0 | |a MĽR |
| 610 | 2 | 0 | |a 1938 |
| 610 | 2 | 0 | |a 1949-1970 |
| 100 | 1 | |a Czirjak, Laszlo | |
| 700 | 1 | |a Marer, Paul | |